| 000 | 00527 a2200193 4500 | ||
|---|---|---|---|
| 005 | 20240329115858.0 | ||
| 008 | 240326b |||||||| |||| 00| 0 eng d | ||
| 020 |
_a9789385330384 _cRs. 1350.00 |
||
| 040 | _aMAIN | ||
| 082 |
_a332.4954 _bS38I |
||
| 100 | _aSrivastava, Arun | ||
| 245 | _aIndian economy: Black money and demonetization | ||
| 260 |
_bAstha Publishers and Distributors _c2018 _aNew Delhi |
||
| 300 | _a282 | ||
| 650 | _aIndian Economy | ||
| 650 | _aBlack Money | ||
| 650 | _aDemonetization | ||
| 942 | _cBK | ||
| 999 |
_c309854 _d309854 |
||